| 000 | 00881nam a2200253 4500 | ||
|---|---|---|---|
| 001 | 36413 | ||
| 003 | BD-RjUL | ||
| 005 | 20211209052502.0 | ||
| 008 | 160731s1970 mouac b 001 0 eng d | ||
| 020 | _a0826200893 | ||
| 035 | _a(BD-RjUL)36510 | ||
| 040 |
_aDLC _cDLC _dDLC _dBD-RjUL _beng |
||
| 041 | _aeng | ||
| 082 | 0 | 0 |
_a320 _bLER 1970 |
| 100 | 1 |
_aLewis, George Cornewall, _d1806-1863. _9110803 |
|
| 245 | 1 | 0 |
_aRemarks on the use and abuse of some political terms / _cA facsimile of the 1832 text with pref. and introductory essay by Charles Frederick Mullett. |
| 260 |
_aColumbia : _bUniversity of Missouri Press, _c1970. |
||
| 300 |
_a264 p. : _bill. ; _c21 cm. |
||
| 504 | _aIncludes bibliographical references and index. | ||
| 650 | 0 |
_aPolitical science. _9110804 |
|
| 700 | 1 |
_aMullett, Charles F., _d1901- _9110805 |
|
| 942 |
_2ddc _cBK |
||
| 999 |
_c36413 _d36413 |
||